Soft tissue augmentation in deramatology / (رقم التسجيلة. 9953)

تفاصيل مارك
000 -LEADER
fixed length control field 015430000a22003250004500
003 - CONTROL NUMBER IDENTIFIER
control field EG-GICUC
005 - DATE AND TIME OF LATEST TRANSACTION
control field 20250223025310.0
008 - FIXED-LENGTH DATA ELEMENTS--GENERAL INFORMATION
fixed length control field 080531s2008 ua h f m 000 0 eng d
040 ## - CATALOGING SOURCE
Original cataloging agency EG-GICUC
Language of cataloging eng
Transcribing agency EG-GICUC
041 0# - LANGUAGE CODE
Language code of text/sound track or separate title Eng
049 ## - LOCAL HOLDINGS (OCLC)
Holding library Deposite
097 ## - Thesis Degree
Thesis Level M.Sc
099 ## - LOCAL FREE-TEXT CALL NUMBER (OCLC)
Classification number Cai01.11.10.M.Sc.2008.He.S
100 0# - MAIN ENTRY--PERSONAL NAME
Personal name Heba Mohammed AbdelRaheem Mohammed
245 10 - TITLE STATEMENT
Title Soft tissue augmentation in deramatology /
Statement of responsibility, etc. Heba Mohammed A.Raheem Mohammed ; Supervised Khaled Hassan Elhoshy , Mohamed Hussein Medhat Elkomy
246 15 - VARYING FORM OF TITLE
Title proper/short title تزييد النسيج الرخو فى الجلد
260 ## - PUBLICATION, DISTRIBUTION, ETC.
Place of publication, distribution, etc. Cairo :
Name of publisher, distributor, etc. Heba Mohammed AbdelRaheem Mohammed ,
Date of publication, distribution, etc. 2008
300 ## - PHYSICAL DESCRIPTION
Extent 125P. :
Other physical details facsimiles ;
Dimensions 25cm
502 ## - DISSERTATION NOTE
Dissertation note Thesis (M.Sc.) - Cairo University - Faculty Of Medicine - Department Of Dermatology and Venerology
520 ## - SUMMARY, ETC.
Summary, etc. The procedure of soft tissue augmentation entails the placement of filler materials into the skin to replace a deficient dermal or subcutaneous component , thereby restoring the natural look of the skin.Soft tissue augmentation can be used to treat a variety of skin conditions like facial wrinkles , acne scara , lipo - atrophy , or for lip or cheek augmentation
530 ## - ADDITIONAL PHYSICAL FORM AVAILABLE NOTE
Additional physical form available note Issued also as CD
653 #4 - INDEX TERM--UNCONTROLLED
Uncontrolled term Fillers
653 #4 - INDEX TERM--UNCONTROLLED
Uncontrolled term Soft tissue augmenttation
700 0# - ADDED ENTRY--PERSONAL NAME
Personal name Khaled Hassan Elhoshy ,
Relator term
700 0# - ADDED ENTRY--PERSONAL NAME
Personal name Mohamed Hussein Medhat Elkomy ,
Relator term
856 ## - ELECTRONIC LOCATION AND ACCESS
Uniform Resource Identifier <a href="http://172.23.153.220/th.pdf">http://172.23.153.220/th.pdf</a>
905 ## - LOCAL DATA ELEMENT E, LDE (RLIN)
Cataloger Mustafa
Reviser Revisor
905 ## - LOCAL DATA ELEMENT E, LDE (RLIN)
Cataloger Samia
Reviser Cataloger
942 ## - ADDED ENTRY ELEMENTS (KOHA)
Source of classification or shelving scheme Dewey Decimal Classification
Koha item type Thesis
المقتنيات
Source of classification or shelving scheme Not for loan Home library Current library Date acquired Full call number Barcode Date last seen Koha item type Copy number
Dewey Decimal Classification   المكتبة المركزبة الجديدة - جامعة القاهرة قاعة الرسائل الجامعية - الدور الاول 11.02.2024 Cai01.11.10.M.Sc.2008.He.S 01010110049139000 22.09.2023 Thesis  
Dewey Decimal Classification   المكتبة المركزبة الجديدة - جامعة القاهرة مخـــزن الرســائل الجـــامعية - البدروم 11.02.2024 Cai01.11.10.M.Sc.2008.He.S 01020110049139000 22.09.2023 CD - Rom 49139.CD
Cairo University Libraries Portal Implemented & Customized by: Eng. M. Mohamady Contacts: new-lib@cl.cu.edu.eg | cnul@cl.cu.edu.eg
CUCL logo CNUL logo
© All rights reserved — Cairo University Libraries
CUCL logo
Implemented & Customized by: Eng. M. Mohamady Contact: new-lib@cl.cu.edu.eg © All rights reserved — New Central Library
CNUL logo
Implemented & Customized by: Eng. M. Mohamady Contact: cnul@cl.cu.edu.eg © All rights reserved — Cairo National University Library